JR西日本 みどりの窓口設置駅 - Statistics

General Stats
  • This quiz has been taken 206 times
    192 since last reset
  • The average score is 80 of 138
Answer Stats
路線 Answer % Correct
山陽新幹線、東海道新幹線、JR京都線、おおさか東線 新大阪
96%
山陽新幹線、山陽線、赤穂線、津山線、桃太郎線(吉備線)、宇野みなと線(宇野線)、瀬戸大橋線、伯備線 岡山
95%
山陽新幹線、山陽線、福塩線 福山
95%
山陽新幹線、山陽線、芸備線、呉線、可部線 広島
95%
山陽新幹線、山陽線、山口線、宇部線 新山口
95%
山陽新幹線 新神戸
94%
東海道新幹線、琵琶湖線、JR京都線、湖西線、奈良線、嵯峨野線 京都
93%
山陽新幹線、JR神戸線 西明石
92%
山陽新幹線、山陽線、播但線、姫新線、JR神戸線 姫路
92%
山陽新幹線、山陽線 新倉敷
92%
山陽新幹線、博多南線、九州新幹線、鹿児島本線、篠栗線(福北ゆたか線) 博多
92%
東海道新幹線、北陸線、琵琶湖線、東海道線 米原
92%
北陸新幹線、高山線 富山
92%
JR京都線、おおさか東線、大阪環状線、JR神戸線、JR宝塚線 大阪
92%
山陽新幹線、山陽線、赤穂線 相生
91%
山陽新幹線、山陽線、呉線 三原
91%
北陸新幹線、七尾線 金沢
91%
山陽新幹線、山陽線、岩徳線 徳山
90%
山陽新幹線、鹿児島本線、日豊本線 小倉
89%
北陸新幹線、城端線 新高岡
89%
北陸新幹線、九頭竜線(越美北線) 福井
88%
北陸新幹線 加賀温泉
83%
北陸新幹線 小松
83%
北陸新幹線 芦原温泉
81%
氷見線 氷見
81%
大和路線、奈良線、万葉まほろば線(桜井線) 奈良
81%
琵琶湖線、草津線 草津
78%
和歌山線、阪和線、きのくに線、紀勢線 和歌山
78%
JR京都線 高槻
76%
大和路線、大阪環状線、阪和線 天王寺
76%
小浜線、舞鶴線 東舞鶴
75%
琵琶湖線 大津
75%
JR東西線、JR神戸線、JR宝塚線 尼崎
75%
大和路線、大阪環状線 新今宮
73%
加古川線、JR神戸線 加古川
73%
琵琶湖線、湖西線 山科
72%
大阪環状線、学研都市線、JR東西線 京橋
72%
JR神戸線 神戸
72%
山陽線、岩徳線 岩国
72%
山陰線、因美線 鳥取
72%
JR神戸線 三ノ宮
71%
北陸新幹線 越前たけふ
70%
山陽線、伯備線 倉敷
70%
呉線
70%
大和路線、奈良線、学研都市線 木津
69%
関西空港線 関西空港
69%
JR宝塚線 宝塚
69%
福知山線、山陰線 福知山
69%
山陰線、伯備線、境線 米子
69%
大和路線、和歌山線 王寺
68%
大阪環状線、JRゆめ咲線 西九条
68%
大阪環状線 鶴橋
68%
JR神戸線 西宮
68%
JR京都線 茨木
67%
山陽線、山陰線 下関
67%
大和路線、大阪環状線 今宮
66%
山陰線 松江
66%
阪和線、関西空港線 日根野
65%
JR神戸線 芦屋
64%
大和路線 JR難波
63%
大和路線、おおさか東線 久宝寺
62%
JR神戸線 明石
62%
湖西線 近江今津
61%
おおさか東線、学研都市線 放出
61%
境線 境港
61%
JR京都線 長岡京
60%
湖西線 堅田
60%
JR東西線 北新地
60%
阪和線 堺市
60%
関西空港線 りんくうタウン
60%
博多南線 博多南
59%
奈良線 宇治
58%
大阪環状線 弁天町
58%
大阪環状線 大正
58%
阪和線、阪和線(羽衣支線)
58%
山陰線 城崎温泉
58%
嵯峨野線 二条
56%
大阪環状線 天満
55%
JR神戸線 甲子園口
55%
JR宝塚線 三田
55%
JR宝塚線 新三田
55%
嵯峨野線 亀岡
55%
万葉まほろば線(桜井線)、和歌山線 高田
54%
きのくに線 白浜
54%
JR神戸線 六甲道
52%
山陽線 尾道
52%
JR宝塚線 川西池田
52%
大和路線 八尾
51%
JR神戸線 住吉
51%
嵯峨野線、山陰線 園部
51%
きのくに線 御坊
50%
JR神戸線、JR宝塚線 塚本
50%
高山線 越中八尾
49%
城端線 砺波
48%
きのくに線 紀伊田辺
48%
JR東西線 大阪城北詰
47%
JR東西線 御幣島
46%
JR神戸線 さくら夙川
46%
JR宝塚線 塚口
46%
関西線 伊賀上野
45%
阪和線 和泉府中
45%
JR神戸線 立花
45%
福知山線、加古川線 谷川
45%
万葉まほろば線(桜井線) 天理
44%
高山線 速星
42%
JR東西線 新福島
42%
JR宝塚線 西宮名塩
41%
JR東西線 加島
40%
山陰線 浜坂
38%
JR宝塚線 中山寺
35%
因美線 智頭
35%
播但線 寺前
34%
JR神戸線 垂水
34%
学研都市線 長尾
32%
JR神戸線 新長田
31%
山陽線、赤穂線 高島
29%
七尾線 宇野気
28%
小浜線 若狭高浜
27%
伯備線 根雨
27%
城端線 福光
26%
学研都市線 鴻池新田
26%
小浜線 美浜
25%
湖西線 和邇
25%
JR宝塚線 生瀬
25%
氷見線 伏木
23%
阪和線 我孫子町
23%
城端線 福野
22%
JR宝塚線 相野
22%
JR宝塚線 広野
21%
小浜線 三方
18%
小浜線 上中
18%
小浜線 若狭本郷
18%
呉線 新広
18%
奈良線 JR小倉
15%
芸備線 安芸矢口
11%
播但線 香呂
10%
播但線 野里
9%
播但線 溝口
8%
No matching quizzes found
Score Distribution
Percent of People with Each Score
Percentile by Number Answered
Your Score History
You have not taken this quiz since the last reset